000 00447nam a2200181Ia 4500
001 10339
005 20260306161825.0
008 260306t2014||||xx |||||||||||||| ||spa||
041 _aESP
082 _a920.02
_bR96
100 _aRus Rufino, Salvador
_eAUT
245 0 _aLíderes en la historia:
_blíderes en la empresa
260 _c2014
300 _a348 páginas :
_c23 cm.
650 _aGEN
654 _aCHU
942 _cLIB
_dJUS
_fJUS
_2ddc
_n
999 _c10339
_d10339